JUDGEMENTS ON DISHONOUR OF CHEQUES (Record no. 32768)

MARC details
000 -LEADER
fixed length control field 00293nam a22001337a 4500
003 - CONTROL NUMBER IDENTIFIER
control field SGT
082 ## - DEWEY DECIMAL CLASSIFICATION NUMBER
Classification number 346.08
Item number AWA
100 ## - MAIN ENTRY--PERSONAL NAME
Personal name AWASTHI S K
245 ## - TITLE STATEMENT
Title JUDGEMENTS ON DISHONOUR OF CHEQUES
250 ## - EDITION STATEMENT
Edition statement 2
260 ## - PUBLICATION, DISTRIBUTION, ETC. (IMPRINT)
Place of publication, distribution, etc ALLAHABAD
Name of publisher, distributor, etc PREMIER PUBLISHING
Year of Publication 1997
300 ## - PAGE DESCRIPTION
No. of Pages 1080
942 ## - ADDED ENTRY ELEMENTS (KOHA)
Source of classification or shelving scheme Dewey Decimal Classification
Koha item type Books
Holdings
Withdrawn status Lost status Source of classification or shelving scheme Damaged status Not for loan Collection code Home library Current library Shelving location Date acquired Cost, normal purchase price SGTU Total Checkouts Full call number Accession No. (Barcode) Date last seen Bill Date Koha item type
    Dewey Decimal Classification     LAW SGT Science & Social Sciences Library SGT Science & Social Sciences Library Text Book 06/10/2025 550.00 SGTU   346.08 AWA FL3880 09/10/2025 06/10/2025 Books